Welcome to CU Library Online Public Access Catalogue (OPAC)

Intellectual Capital; (Record no. 4579)

MARC details
000 -LEADER
fixed length control field 00415nam a22001457a 4500
005 - DATE AND TIME OF LATEST TRANSACTION
control field 20250308105457.0
008 - FIXED-LENGTH DATA ELEMENTS--GENERAL INFORMATION
fixed length control field 250308b |||||||| |||| 00| 0 eng d
020 ## - INTERNATIONAL STANDARD BOOK NUMBER
International Standard Book Number 9780333694794
050 ## - LIBRARY OF CONGRESS CALL NUMBER
Classification number HD53
Item number INT
245 ## - TITLE STATEMENT
Title Intellectual Capital;
Remainder of title navigating the new business landscape
260 ## - PUBLICATION, DISTRIBUTION, ETC.
Place of publication, distribution, etc. Houndmmills
Name of publisher, distributor, etc. Macmillan Press Ltd
Date of publication, distribution, etc. c1997
300 ## - PHYSICAL DESCRIPTION
Extent viii,143p
700 ## - ADDED ENTRY--PERSONAL NAME
Personal name Roos, Johan {et...al}
942 ## - ADDED ENTRY ELEMENTS (KOHA)
Source of classification or shelving scheme Library of Congress Classification
Koha item type Books
Suppress in OPAC No
999 ## -
-- 4579
-- 4579
Holdings
Withdrawn status Lost status Source of classification or shelving scheme Damaged status Not for loan Collection Home library Current library Shelving location Date acquired Total checkouts Full call number Barcode Date last seen Copy number Price effective from Koha item type
    Library of Congress Classification     Non-fiction Undergraduate Library (Christ Temple) Undergraduate Library (Christ Temple) General stacks 03/08/2025   HD53 INT ulct00001553 03/08/2025 1 03/08/2025 Books
© 2023-2024 Copyright: Central University Libraries. All Rights Reserved | Created by: Mahone Tech Office